Visualizzazione normale
Vista MARC
- Bizet Georges
di Personal Name
Records bibliografici associati: 1
001 - CONTROL NUMBER
- control field: 11279
003 - CONTROL NUMBER IDENTIFIER
- control field: IT-RoPau
005 - DATE AND TIME OF LATEST TRANSACTION
- control field: 20140128212833.0
008 - FIXED-LENGTH DATA ELEMENTS
- fixed length control field: 140128|| aca||aabn | a|a d
040 ## - CATALOGING SOURCE
- Original cataloging agency: IT-RoPau
- Transcribing agency: IT-RoPau
100 ## - HEADING--PERSONAL NAME
- Personal name: Bizet Georges
- Miscellaneous information: Codice autore musica SPICS: 10724
- Relator term: Autore musica
- Name of part/section of a work: L'Arlesiana: suite n 1 - Pastorale da l'"Arlesiana" suite n 2 - Farandola da l'"Arlesiana" suite n. 2
670 ## - SOURCE DATA FOUND
- Source citation: Work cat.: (IT-RoPau)99064: AA.VV. 794, In Concert vol. 2